000 00905nam a22002657a 4500
005 20170123162316.0
010 _a940934
020 _c12.00
035 _a940934
037 _bCen Lib/Ret
040 _aDPL
_bUR
082 _a954.0841
_bع ب س
100 _aعبّاسی، عدیل محمد
_9108766
245 _aتحریکی خلافت /
_c محمد عدیل عبّاسی
246 _aTahreek-e-khilafat /
_bby Mohamad Adil Abbasi
260 _aنیی دہلی
_bتراققی اردو بورڈ
_c1978
270 _bنیی دہلی
300 _a279p.
_c21cm(Hb)
500 _aکتابیات شامل
650 _aتاریخ - بھارت
_v
_9110758
650 _a تاریخ - بھارت (خلافت تحریک)
_9114581
650 _aHistory -- India
_9114582
650 _aHistory -- India khilafat movement
_9114583
942 _2ddc
_cUR
_h954.0841
_mع ب س
999 _c106733
_d106733